000 01107nam a22002657a 4500
005 20170124103133.0
010 _aB-178575
020 _c220.00
_a8173808880
035 _aB-178575
037 _bCen Lib/Ret
040 _aDPL
_bHN
082 _a780.92
_bगुरना
100 _aगुरनाम सिंह
_984672
245 _aपंजाबी संगीतकार /
_cगुरनाम सिंह
246 _aPunjabi sangeetkar /
_bby Gurnam Singh
260 _aपटियाला
_bपब्लिकेशन ब्यूरो
_c2004
270 _bपटियाला
_aपंजाब यूनिवेर्सिटी
300 _axiv,204पृ.
_c20सेमी(सजिल्द )
500 _aसन्दर्भ सूची एवं परिशिष्ट शामिल
650 _aसंगीतकार--पंजाबी
_x
_z
_984673
650 _aसंगीत-भारत
_984674
650 _aMusicians - Punjabi
_984675
650 _aMusic-India
_983833
942 _2ddc
_cHN
_h780.92
_mगुरना
999 _c119393
_d119393